Gaming Quiz

Random Gaming Quiz
Score 0/134 Timer 20:00
0 Plays Today
Hint Answer % Correct
Beginner LevelsLet's Roll!
90.9%
Beginner LevelsBattlecube
77.3%
HazardsCyclone
77.3%
HazardsTriangular Bumper
72.7%
HazardsRound Bumper
72.7%
Intermediate LevelsTriple Decker
68.2%
PowerupsJump Boost
68.2%
PowerupsSpeed Booster
68.2%
PowerupsAnti-Recoil
68.2%
PowerupsMarble Recoil
68.2%
PowerupsHelicopter
68.2%
HazardsNuke
68.2%
Expert LevelsSpace Station
68.2%
Expert LevelsBattlecube Finale
68.2%
Beginner LevelsLearn the Wall-Hit
63.6%
Intermediate LevelsMountaintop Retreat
63.6%
Intermediate LevelsGym
63.6%
Intermediate LevelsBattlecube Revisited
63.6%
Advanced LevelsFrictional Battlecube
63.6%
Expert LevelsThe Tale of the Tall Skyscraper
63.6%
Expert LevelsMastering the Marble
63.6%
Beginner LevelsDiamond Round-Up
59.1%
Beginner LevelsLearn the Friction!
59.1%
Beginner LevelsTraining Towers
59.1%
Beginner LevelsLearn the Random Force
59.1%
Beginner LevelsKing of the Marble
59.1%
Beginner LevelsRamps
59.1%
Beginner LevelsLearn the Edge Hit
59.1%
Beginner LevelsHazard Loop
59.1%
Intermediate LevelsCyclone Launch
59.1%
Intermediate LevelsLoop Exits
59.1%
HazardsMagnet
59.1%
Intermediate LevelsDaedal Helix
59.1%
Advanced LevelsPink-Fold Maze
59.1%
Advanced LevelsOrange-Fold Maze
59.1%
Advanced LevelsNukesweeper
59.1%
Advanced LevelsMorph
59.1%
Advanced LevelsThief
59.1%
Expert LevelsStamina
59.1%
Expert LevelsBouncing Fun
59.1%
Beginner LevelsJump Tutorial
54.5%
Beginner LevelsFlight of the Marble
54.5%
Beginner LevelsBusy Bee...
54.5%
Beginner LevelsLearn the Bouncy Floor!
54.5%
Beginner LevelsBump Your Head!
54.5%
Hint Answer % Correct
Beginner LevelsLearn the Time Modifier
54.5%
Beginner LevelsKeep on Rollin'
54.5%
Intermediate LevelsTechnoropes
54.5%
Intermediate LevelsRoll Like the Wind!
54.5%
Intermediate LevelsSprint
54.5%
Intermediate LevelsWall Master
54.5%
Intermediate LevelsByzantine Helix
54.5%
PowerupsTime Modifier
54.5%
HazardsTrapdoor
54.5%
Advanced LevelsDiamond Seeking Fun!
54.5%
Advanced LevelsNeonTech
54.5%
Expert LevelsTunnel Vision
54.5%
Expert LevelsTrigonometry
54.5%
Expert LevelsNukesweeper Revisited
54.5%
Expert LevelsThe Ultimate Friction Challenge!
54.5%
Beginner LevelsRecoil Training
50%
Beginner LevelsMini Mountain
50%
Intermediate LevelsRamp Madness
50%
Intermediate LevelsBasic Agility Course
50%
Intermediate LevelsAvoiding Hazards
50%
Intermediate LevelsDownhill Racing
50%
HazardsFan
50%
Intermediate LevelsConvoluted Helix
50%
Intermediate LevelsDragged Up!
50%
Advanced LevelsGap Aimer
50%
Advanced LevelsSwivel
50%
Advanced LevelsUltimate Tree
50%
Expert LevelsMichael's Final Adventure
50%
Beginner LevelsDiagonal Training
45.5%
Beginner LevelsGravity Knot
45.5%
Beginner LevelsTeleport Training
45.5%
Intermediate LevelsSpin Practice
45.5%
Intermediate LevelsMedieval Maze
45.5%
Intermediate LevelsMini Marble Golf
45.5%
Intermediate LevelsPowerup Practice
45.5%
PowerupsGravity Modifier
45.5%
Intermediate LevelsSkill Zone
45.5%
Advanced LevelsFighting Slopes
45.5%
Advanced LevelsLightning Ice
45.5%
Advanced LevelsSlip Up
45.5%
Advanced LevelsMichael's Adventure: MBP!
45.5%
Advanced LevelsRolling to Eternity
45.5%
Expert LevelsHelicopter Monster Course
45.5%
Expert LevelsRecoil Ultra Course
45.5%
Expert LevelsSpeed Attack
45.5%
Hint Answer % Correct
Expert LevelsUphill Racing
45.5%
Expert LevelsDon't Jump!
45.5%
Expert LevelsArch Acropolis
45.5%
Beginner LevelsMagnet Training
40.9%
Intermediate LevelsMarble Mini Golf: Icichole
40.9%
Intermediate LevelsDouble LoopLoop
40.9%
Intermediate LevelsBumpy Highway
40.9%
Advanced LevelsPlatform Race
40.9%
Advanced LevelsSlope Madness
40.9%
Advanced LevelsCrash Course
40.9%
Advanced LevelsBeach Party
40.9%
Advanced LevelsPerilous Road
40.9%
Advanced LevelsPar Pit
40.9%
Advanced LevelsRandom Mayhem
40.9%
Expert LevelsDizzying Heights
40.9%
Expert LevelsTrapdoor Mania
40.9%
Expert LevelsSlowropes
40.9%
Expert LevelsCatwalks
40.9%
Intermediate LevelsFloor Climb
36.4%
Intermediate LevelsTimely Ascent
36.4%
Intermediate LevelsMarble Agility Course
36.4%
Intermediate LevelsDivergence
36.4%
Advanced LevelsTreachery
36.4%
Advanced LevelsNuke Field
36.4%
Advanced LevelsPlatform Race 2
36.4%
Advanced LevelsIce Cold Pass
36.4%
Advanced LevelsTreacherous Path
36.4%
Advanced LevelsCombo Course
36.4%
Expert LevelsPlatform Mayhem
36.4%
Beginner LevelsGround Zero
31.8%
Intermediate LevelsTake A Stroll...
31.8%
Intermediate LevelsWinding Steps
31.8%
Intermediate LevelsPuzzle Ordeal
31.8%
Advanced LevelsSlippery Steps
31.8%
Advanced LevelsFrictional Ascent
31.8%
Advanced LevelsDespair
31.8%
Expert LevelsSand Storm
31.8%
Expert LevelsCardcaddy's Diamond Collection
31.8%
Intermediate LevelsAstroflight
27.3%
Intermediate LevelsPerplexingness
27.3%
Advanced LevelsRing Stunts
27.3%
Advanced LevelsQuaked Path
27.3%
Advanced LevelsStrategy Climb
27.3%
Expert LevelsThe Time Modifier Race
27.3%
Remove Ads.
Support Sporcle.
Get the best of Sporcle when you Go Orange. This ad-free experience offers more features, more stats, and more fun while also helping to support Sporcle. Thank you for becoming a member.

You're not logged in!

Compare scores with friends on all Sporcle quizzes.
OR
Log In

Sporcle TV

Today on Sporcle TV


Watch our educational content, quiz creation guides, and fun videos on Sporcle TV.

Show Comments

Extras

Created May 27, 2014ReportNominate
Tags:blast, Hazard, Level, mbp, platinum, Power

Top Quizzes Today


Score Distribution

Paid Content

Your Account Isn't Verified!

In order to create a playlist on Sporcle, you need to verify the email address you used during registration. Go to your Sporcle Settings to finish the process.

Report this User

Report this user for behavior that violates our Community Guidelines.

Details: